| 000 | 00681npc a2200205Ia 4500 | ||
|---|---|---|---|
| 001 | dp5/9-2069 [d000002176] | ||
| 003 | IT-MiCISF | ||
| 008 | 161014s9999||||xx | und|| | ||
| 040 |
_aIT-MiCISF _cIT-MiCISF |
||
| 041 | _ait | ||
| 100 | _aMejia Jorge Maria | ||
| 245 | 0 |
_aFamiglia e lavoro nella dottrina sociale della Chiesa _bFamiglia e lavoro oggi: un crocevia pastorale e sociale, Covegno nazionale, Roma, 18-20.11.1994 |
|
| 250 | _a1a ed. | ||
| 260 |
_aRoma _bConferenza episcopale italiana _c1994 |
||
| 300 | _app. 13 | ||
| 500 | _a / famiglia, lavoro, chiesa, magistero, donna-lavoratrice / | ||
| 650 | _alavoro | ||
| 942 | _cDD | ||
| 957 | _71 | ||
| 999 |
_a2069 _bsi _g1 _c206401 _d206401 |
||